[Event "GER-chT U12"]
[Site "Magdeburg"]
[Date "2023.12.27"]
[Round "2.6"]
[White "Yan, Haichen"]
[Black "Greive, Jakob"]
[Result "0-1"]
[WhiteElo "1403"]
[BlackElo "1558"]
[PlyCount "122"]
[EventDate "2023.12.26"]
[EventType "team-swiss"]
[EventRounds "7"]
[EventCountry "GER"]
[SourceTitle "CB03_2024"]
[SourceDate "2024.01.17"]
[SourceVersion "1"]
[SourceVersionDate "2024.01.17"]
[SourceQuality "1"]
[WhiteTeam "Walldorf"]
[BlackTeam "Tegernsee"]
[WhiteTeamCountry "GER"]
[BlackTeamCountry "GER"]

1. d4 d5 2. c4 e6 3. Nc3 Nf6 4. cxd5 exd5 5. Bg5 Be6 6. e3 c5 7. Bb5+ Nc6 8. Qa4 Bd7 9. Nxd5 a6 10. Nxf6+ gxf6 11. Bxf6 Qxf6 12. d5 Ne5 13. Bxd7+ Nxd7 14. Qb3 b5 15. Nf3 c4 16. Qc3 Qxc3+ 17. bxc3 Bg7 18. Kd2 Ne5 19. Nxe5 Bxe5 20. f4 Bf6 21. e4 Rd8 22. Kc2 Bg7 23. Rad1 f6 24. Rhe1 0-0 25. Rd4 f5 26. e5 Rfe8 27. d6 Re6 28. a4 Bf8 29. axb5 axb5 30. g3 Kf7 31. h3 Ree8 32. Rb1 Rb8 33. Rd5 Red8 34. Rdxb5 Rbc8 35. Rb7+ Kg6 36. R1b6 Ra8 37. Kb2 h5 38. h4 Kh6 39. Rb4 Rac8 40. Rc7 Rxc7 41. dxc7 Rc8 42. Rb8 Rxc7 43. Rxf8 Rg7 44. Rxf5 Rxg3 45. Rg5 Rg4 46. Rf5 Rxh4 47. e6 Rh2+ 48. Kc1 Re2 49. Re5 Rxe5 50. fxe5 Kg7 51. Kd2 Kf8 52. Ke3 Ke7 53. Kd4 h4 54. Ke4 Kxe6 55. Kf4 h3 56. Kg3 Kxe5 57. Kxh3 Ke4 58. Kg3 Kd3 59. Kf2 Kxc3 60. Ke2 Kb2 61. Kd2 c3+ 0-1

[Event "GER-ch U12"]
[Site "Willingen"]
[Date "2023.06.03"]
[Round "9"]
[White "Yan, Haichen"]
[Black "Rodriguez Klasen, Ennio"]
[Result "1/2-1/2"]
[WhiteElo "1251"]
[BlackElo "1526"]
[PlyCount "111"]
[EventDate "2023.05.27"]
[EventType "swiss"]
[EventRounds "9"]
[EventCountry "GER"]
[SourceTitle "CBM 214 Extra"]
[Source "ChessBase"]
[SourceDate "2023.07.31"]
[SourceVersion "1"]
[SourceVersionDate "2023.07.31"]
[SourceQuality "1"]

1. d4 Nf6 2. c4 c5 3. d5 b5 4. b3 bxc4 5. bxc4 g6 6. Bb2 d6 7. Nd2 Bg7 8. Ngf3 0-0 9. g3 Nbd7 10. Bg2 Nb6 11. Qc2 Qd7 12. 0-0 Qa4 13. Rac1 Qxc2 14. Rxc2 Bf5 15. Rcc1 Na4 16. Bxf6 Bxf6 17. e4 Bc8 18. Rfe1 Nb2 19. Re3 Bd7 20. e5 dxe5 21. Nxe5 Bxe5 22. Rxe5 Nd3 23. Rxe7 Nxc1 24. Rxd7 Nxa2 25. Ne4 Nb4 26. d6 Rad8 27. Rxa7 f5 28. Nxc5 Rxd6 29. Rd7 Rxd7 30. Nxd7 Rd8 31. Nf6+ Kg7 32. Nd5 Nxd5 33. Bxd5 g5 34. f3 h5 35. h3 Kf6 36. f4 g4 37. h4 Rc8 38. Kf2 Re8 39. Bc6 Re7 40. Bd5 Kg7 41. Bg2 Kf7 42. Bf1 Ke6 43. Bd3 Ra7 44. Ke2 Ra2+ 45. Kf1 Rd2 46. Be2 Kd6 47. Kf2 Kc5 48. Ke3 Rxe2+ 49. Kxe2 Kxc4 50. Ke3 Kc3 51. Ke2 Kc2 52. Ke3 Kd1 53. Kd4 Ke2 54. Ke5 Kf3 55. Kxf5 Kxg3 56. Ke5 1/2-1/2

[Event "GER-ch U12"]
[Site "Willingen"]
[Date "2023.05.28"]
[Round "2"]
[White "Krueger, Moritz"]
[Black "Yan, Haichen"]
[Result "1-0"]
[WhiteElo "1582"]
[BlackElo "1251"]
[PlyCount "51"]
[EventDate "2023.05.27"]
[EventType "swiss"]
[EventRounds "9"]
[EventCountry "GER"]
[SourceTitle "CBM 214 Extra"]
[Source "ChessBase"]
[SourceDate "2023.07.31"]
[SourceVersion "1"]
[SourceVersionDate "2023.07.31"]
[SourceQuality "1"]

1. d4 d5 2. c4 e6 3. cxd5 exd5 4. Nc3 Nf6 5. Bg5 Be7 6. e3 h6 7. Bf4 c6 8. Bd3 0-0 9. Nf3 Bg4 10. h3 Bh5 11. g4 Bg6 12. Bxg6 fxg6 13. g5 Nh5 14. Bxb8 Rxb8 15. Ne5 Bxg5 16. Nxg6 Rf6 17. Qxh5 Qe8 18. h4 Bxe3 19. fxe3 Qxe3+ 20. Ne2 Re8 21. Ne5 Re7 22. Rf1 Rxf1+ 23. Kxf1 Qh3+ 24. Kf2 Qh2+ 25. Ke3 Qh3+ 26. Kd2 1-0

[Event "GER-chT U12"]
[Site "Muenchen"]
[Date "2022.12.29"]
[Round "5"]
[White "Al Marawi, Yousef"]
[Black "Yan, Haichen"]
[Result "1-0"]
[WhiteElo "1545"]
[BlackElo "1217"]
[PlyCount "63"]
[EventDate "2022.12.26"]
[EventType "team-swiss"]
[EventRounds "7"]
[EventCountry "GER"]
[SourceTitle "CBM 212 Extra"]
[Source "ChessBase"]
[SourceDate "2023.03.31"]
[SourceVersion "1"]
[SourceVersionDate "2023.03.31"]
[SourceQuality "1"]
[WhiteTeam "Erkenschwick"]
[BlackTeam "Walldorf"]
[WhiteTeamCountry "GER"]
[BlackTeamCountry "GER"]

1. e4 c5 2. Nf3 d6 3. d4 cxd4 4. Nxd4 Nf6 5. Nc3 a6 6. Bc4 e6 7. 0-0 b5 8. Bd3 Bb7 9. f3 Qb6 10. Be3 d5 11. exd5 Bxd5 12. Bf2 Bc5 13. Nb3 Bxf2+ 14. Rxf2 Bxb3 15. cxb3 b4 16. Ne4 Nd5 17. Bc4 Ne3 18. Qd3 Nxc4 19. bxc4 0-0 20. c5 Rd8 21. cxb6 Rxd3 22. b7 Ra7 23. Rc2 Rd8 24. Rc8 Rf8 25. Nd6 a5 26. Rac1 b3 27. Rxb8 bxa2 28. Rxf8+ Kxf8 29. b8Q+ Ke7 30. Qxa7+ Kxd6 31. Qc7+ Kd5 32. Rd1# 1-0

[Event "GER-ch Youth-C"]
[Site "Willingen"]
[Date "2022.06.11"]
[Round "9"]
[White "Hellmann, Alexander"]
[Black "Yan, Haichen"]
[Result "0-1"]
[WhiteElo "949"]
[BlackElo "1188"]
[PlyCount "62"]
[EventDate "2022.06.04"]
[EventType "swiss"]
[EventRounds "9"]
[EventCountry "GER"]
[SourceTitle "CBM 208 Extra"]
[Source "ChessBase"]
[SourceDate "2022.07.31"]
[SourceVersion "1"]
[SourceVersionDate "2022.07.31"]
[SourceQuality "1"]

1. e4 c5 2. c3 d6 3. d4 cxd4 4. cxd4 Nf6 5. Nc3 a6 6. Nf3 e6 7. Be3 b5 8. a3 Bb7 9. Be2 Nxe4 10. Nxe4 Bxe4 11. 0-0 Be7 12. Nd2 Bg6 13. Nb3 Nd7 14. f4 Rc8 15. Rc1 0-0 16. d5 Rxc1 17. Bxc1 Qb6+ 18. Kh1 Nf6 19. dxe6 fxe6 20. Nd4 Ne4 21. Be3 e5 22. Qb3+ Bf7 23. Ne6 Qb7 24. fxe5 dxe5 25. Rf5 Bf6 26. Bh5 Bxh5 27. Nd8+ Bf7 28. Nxf7 Qxf7 29. Qb4 Be7 30. Rxf7 Bxb4 31. Ra7 Rf1+ 0-1

[Event "GER-ch Youth-C"]
[Site "Willingen"]
[Date "2022.06.09"]
[Round "7"]
[White "Fize, Aleksandrs"]
[Black "Yan, Haichen"]
[Result "0-1"]
[WhiteElo "933"]
[BlackElo "1188"]
[PlyCount "51"]
[EventDate "2022.06.04"]
[EventType "swiss"]
[EventRounds "9"]
[EventCountry "GER"]
[SourceTitle "CBM 208 Extra"]
[Source "ChessBase"]
[SourceDate "2022.07.31"]
[SourceVersion "1"]
[SourceVersionDate "2022.07.31"]
[SourceQuality "1"]

1. d4 d5 2. Nc3 e6 3. Bf4 a6 4. e3 Nf6 5. Nf3 c5 6. Ne5 Nc6 7. dxc5 Nxe5 8. Bxe5 Bxc5 9. Na4 Qa5+ 10. c3 Bd7 11. b4 Bxb4 12. cxb4 Qxa4 13. Qd4 Rg8 14. Bd3 Bb5 15. 0-0 Bxd3 16. Qxd3 Qxb4 17. Rab1 Qe7 18. Rfd1 b5 19. Bxf6 Qxf6 20. e4 Rd8 21. Qc2 Qe7 22. Qc6+ Qd7 23. Qxa6 Ke7 24. Rxb5 Ra8 25. Qb6 Rad8 26. Rc1 0-1

[Event "GER-ch Youth-C"]
[Site "Willingen"]
[Date "2022.06.08"]
[Round "5"]
[White "Classen, Miguel"]
[Black "Yan, Haichen"]
[Result "1-0"]
[WhiteElo "881"]
[BlackElo "1188"]
[PlyCount "57"]
[EventDate "2022.06.04"]
[EventType "swiss"]
[EventRounds "9"]
[EventCountry "GER"]
[SourceTitle "CBM 208 Extra"]
[Source "ChessBase"]
[SourceDate "2022.07.31"]
[SourceVersion "1"]
[SourceVersionDate "2022.07.31"]
[SourceQuality "1"]

1. e4 c5 2. Nf3 d6 3. d4 cxd4 4. Nxd4 Nf6 5. Nc3 a6 6. Be3 e6 7. Bc4 b5 8. Bb3 b4 9. Nxe6 Bxe6 10. Nd5 Nxd5 11. Bxd5 Bxd5 12. Qxd5 Nd7 13. f4 Rc8 14. Rc1 Nf6 15. Qb7 a5 16. e5 dxe5 17. fxe5 Nd5 18. Rd1 Rc7 19. Bb6 Rxb7 20. Bxd8 Kxd8 21. Rxd5+ Rd7 22. Rxa5 g6 23. 0-0 Bc5+ 24. Kh1 Bd4 25. Ra8+ Kc7 26. Rxh8 Bxe5 27. Rxh7 Bxb2 28. Rh4 Bf6 29. Rxb4 1-0